Fabulas de Gunter / (Registro nro. 32056)

Detalles MARC
000 -CABECERA
Longitud fija campo de control 00844nam a2200229 a 4500
003 - • IDENTIFICADOR DELl NÚMERO DE CONTROL
Identificador del número de control CO-ViMGA
008 - • CÓDIGOS DE INFORMACIÓN DE LONGITUD FIJA
Códigos de información de longitud fija 141112s2004 ck r 000 u spa d
020 ## - • NÚMERO INTERNACIONAL NORMALIZADO PARA LIBROS
Número Internacional Normalizado para Libros (ISBN) 9789588334257
040 ## - FUENTE DE LA CATALOGACIÓN
Centro catalogador de origen CO-ViMGA
Lengua de catalogación spa
Centro transcriptor CO-ViMGA
082 04 - • NÚMERO DE LA CLASIFICACIÓN DECIMAL DEWEY
Número de clasificación (R) PAUa
100 1# - • PUNTO DE ACCESO PRINCIPAL-NOMBRE DE PERSONA
Nombre de persona Pauli, Gunter, 1956
245 10 - • TITULO PROPIAMENTE DICHO
Título Fabulas de Gunter /
Mención de responsabilidad, etc. Gunter Pauli; traductores Melissa laverde Rmirez, Dario Andres Leal Cortes, Fabian Perdome Delgado
300 ## - • DESCRIPCIÓN FÍSICA
Extensión 7 v. + CD
490 ## - • MENCIÓN DE SERIE
Mención de serie Fabulas de Gunter
500 ## - • NOTA GENERAL
Nota general Texto bilinguie español - ingles
505 ## - • NOTA DE CONTENIDO CON FORMATO
Nota de contenido con formato v.1. Energia - v.2. Trabajo - v.3. Alimentacion - v.4. Vivienda - v.5. educación y ética - v.6. Agua - v.7. Salud
650 14 - • PUNTO DE ACCESO ADICIONAL DE MATERIA - TÉRMINO DE MATERIA
Término de materia o nombre geográfico como elemento inicial 2 : FABULAS BELGAS
650 14 - • PUNTO DE ACCESO ADICIONAL DE MATERIA - TÉRMINO DE MATERIA
Término de materia o nombre geográfico como elemento inicial CUENTOS INFANTILES BELGAS
942 ## - ENTRADA DE ELEMENTOS AGREGADOS (KOHA)
Fuente de clasificaión o esquema Dewey Decimal Classification
Koha [por defecto] tipo de item LIbro
Existencias
Perdido Fuente de clasificación o esquema Estado Físico No para préstamo Forma de adquisición Localización permanente Localización actual Fecha adquisición Serie de enumeración / cronolog&íacute;a Préstamos totales Signatura completa Código de barras Fecha última consulta Fecha último préstamo Número de copia Fecha del precio de reemplazo Tipo de item de Koha Renovaciones totales
  Dewey Decimal Classification     Sala Infantil Segundo Piso Biblioteca Pública Germán Arciniegas - Villavicencio Biblioteca Pública Germán Arciniegas - Villavicencio 12/04/2015 Volumen. 1 | 06/oct/2011 3 PAUa 24956 04/30/2018 04/23/2018 Ej. 1 12/04/2015 LIbro  
  Dewey Decimal Classification     Sala Infantil Segundo Piso Biblioteca Pública Germán Arciniegas - Villavicencio Biblioteca Pública Germán Arciniegas - Villavicencio 12/04/2015 Volumen. 4 | 06/oct/2011 1 PAUa 24959 10/17/2018 10/02/2018 Ej. 1 12/04/2015 LIbro 1
  Dewey Decimal Classification     Sala Infantil Segundo Piso Biblioteca Pública Germán Arciniegas - Villavicencio Biblioteca Pública Germán Arciniegas - Villavicencio 12/04/2015 Volumen. 2 | 06/oct/2011   PAUa 24957 12/04/2015   Ej. 1 12/04/2015 LIbro  
  Dewey Decimal Classification     Sala Infantil Segundo Piso Biblioteca Pública Germán Arciniegas - Villavicencio Biblioteca Pública Germán Arciniegas - Villavicencio 12/04/2015 Volumen. 3 | 06/oct/2011   PAUa 24958 12/04/2015   Ej. 1 12/04/2015 LIbro  
  Dewey Decimal Classification     Sala Infantil Segundo Piso Biblioteca Pública Germán Arciniegas - Villavicencio Biblioteca Pública Germán Arciniegas - Villavicencio 12/04/2015 Volumen. 5 | 06/oct/2011   PAUa 24960 12/04/2015   Ej. 1 12/04/2015 LIbro  
  Dewey Decimal Classification     Sala Infantil Segundo Piso Biblioteca Pública Germán Arciniegas - Villavicencio Biblioteca Pública Germán Arciniegas - Villavicencio 12/04/2015 Volumen. 6 | 06/oct/2011   PAUa 24961 02/11/2019   Ej. 1 12/04/2015 LIbro  
  Dewey Decimal Classification     Sala Infantil Segundo Piso Biblioteca Pública Germán Arciniegas - Villavicencio Biblioteca Pública Germán Arciniegas - Villavicencio 12/04/2015 Volumen. 7 | 06/oct/2011   PAUa 24962 12/04/2015   Ej. 1 12/04/2015 LIbro  









Instituto Departamental de Cultura del Meta - Red Departamental de Bibliotecas Públicas del Meta.